La España metafísica: lectura crítica del pensamiento de Ramón Menéndez Pidal 1891-1936

Saved in:
Bibliografiske detaljer
Hovedforfatter: García Isasti, Prudencio (Author)
Institution som forfatter: Real Academia de la Lengua Vasca (Author)
Format: Bog
Sprog:spansk
Udgivet: Bilbao Euskaltzaindia 2004
Serier:Iker, 16
Fag:
Tags: Tilføj Tag
Ingen Tags, Vær først til at tagge denne postø!

MARC

LEADER 00000nam a2200000 a 4500
001 UCK5089
003 CL-VaPUC
005 20211215074119.0
008 050708e20040000SP |||||||||||||||||spa|d
999 |c 313769  |d 313767 
020 |a 8495438151 
040 |c Pontificia Universidad Católica de Valparaíso 
082 0 4 |a 410.92  |b GAR  |2 21 
100 0 |a García Isasti, Prudencio  |e author  |9 493789 
110 2 |a Real Academia de la Lengua Vasca  |e author  |9 493790 
245 1 3 |a La España metafísica: lectura crítica del pensamiento de Ramón Menéndez Pidal 1891-1936 
260 |a Bilbao  |b Euskaltzaindia  |c 2004 
300 |a 614 p 
490 0 |a Iker, 16 
583 |a last modification  |c 20050708 00:00:00  |k Rodrigo Vera 
600 |a Menéndez Pidal, Ramón,  |d 1869-1968  |9 864863 
650 0 |a Lingüística  |9 265068 
650 0 |a Filología   |9 321245 
651 0 |a España  |9 254926 
942 |c BK  |2 ddc 
945 |d 20050708 00:00:00  |a jcarroza 
952 |0 0  |1 0  |4 0  |6 410_920000000000000_GAR_2004  |7 0  |8 A  |9 385271  |a BIBEDU  |b BIBEDU  |d 2019-11-22  |i 4100859  |o 410.92 GAR 2004  |p 4100859  |r 2019-11-22  |w 2019-11-22  |y BK  |k LIT